Statistics for Countries with Most Hydropower as a % of Total Energy

Click here to take the quiz!

General Stats

  • This quiz has been taken 52 times
  • The average score is 12 of 25

Answer Stats

RankPercentageTotal GWhAnswer% Correct
596.2144,005Norway
80%
2165.8380,911Brazil
73%
2460.846,788Colombia
73%
11009,221D.R. Congo
67%
1472.613,470Iceland
65%
1967.576,003.5Venezuela
65%
2066.41,163.7Republic of the Congo
63%
2362.842,919Austria
61%
1373.88,026Costa Rica
57%
2559.96,522.5Panama
57%
110063,770Paraguay
57%
986.29,674Ethiopia
55%
2264.42,734.5Nepal
53%
794.311,027Zambia
45%
1768.67,109Angola
43%
1083.315,611Mozambique
37%
1868.31,596Gabon
33%
1669.61,528Luxembourg
33%
886.711,498Kyrgyzstan
31%
497.516,800Tajikistan
31%
1180.69,329Georgia
29%
1275.612,800North Korea
29%
695.61,359Namibia
22%
1571.2165.1Togo
18%
11007,782Albania
16%

Score Distribution

Percentile by Number Answered

Percent of People with Each Score

Your Score History

You have not taken this quiz